01816naa a2200265 i 45000010005000000030009000050050017000140080039000310400021000700410013000910440008001040800016001121000109001282450122002372460054003595000021004135200545004346500039009796500044010186550030010627000112010927000112012047110066013167730168013822789KOSZ 00520180209155819.0140530s2010 pl f |100 0 pol cBPKdKOSZ 005/EG apolbeng aPOL a656.1-049.51 aKUKIEŁKA, Leon.d1996 - .bPolitechnika Koszalińska - Wydział Mechaniczny,cKatedra Maszyn Roboczych10aBezpieczeństwo ruchu drogowego - niektóre aspekty. pCz. 2 /cDariusz Woźniak, Leon Kukiełka, Jacek Woźniak.31aRoad safety in traffic - chosen aspects.pPart 2  aDane z autopsji. aW artykule przedstawiono niektóre aspekty bezpieczeństwa ruch drogowego. Zwrócono uwagę na konieczność pilnej budowy nowych i modernizacji sieci istniejących dróg w Polsce. Rozbudowywana infrastruktura drogowa wymaga wprowadzenia tzw. Inteligentnych Systemów Transportowych sterujących i monitorujących ruch drogowy. Wymaga to również wprowadzenia nowoczesnych konstrukcji i rozwiązań elementów bezpieczeństwa czynnego i biernego w pojazdach, a także reorganizacji systemu ratownictwa drogowego w Polsce. 0aInteligentne systemy transportowe. 0aKomunikacja drogowa - bezpieczeństwo. 0aMateriały konferencyjne.1 aWOŹNIAK, Dariusz.d1996 - .bPolitechnika Koszalińska - Wydział Mechaniczny,cKatedra Maszyn Roboczych1 aWOŹNIAK, Jacek - doktorant.bPolitechnika Koszalińska - Wydział Mechaniczny,cKatedra Maszyn Roboczych22aSłupskie Forum Motoryzacjin(13 ;d2010 ;cSłupsk, Polska).0 iW :tInnowacje w motoryzacji dla ochrony środowiska : praca zbiorowa / pod red. Leona Kukiełki. -dSłupsk : Starostwo Powiatowe w Słupsku, 2010. -gs. 197-204